000 00603cam a22001932a 4500
001 024105
003 AR-FADEU
008 311216n1959####xxu####################dd
092 _a301.018
_bH811
_eBDT
100 _aHorowitz, Irving Louis
245 _aProblemas metodológicos del funcionamiento en las ciencias sociales
260 _aBuenos Aires
260 _bInstituto de Sociología de la Facultad de Filosofia
260 _c1959
440 _aCuadernos del boletín del instituto de sociología
_n16
700 _aRobert K., Merton
650 _aSOCIOLOGIA-METODOLOGIA/BDT/
942 _cBDT
999 _c29795
_d29795